Pick the Movie Title Character II Quiz Stats

 Plays Quiz Updated Mar 23, 2019

Score 0/20 Timer 04:00
9 Plays Today
Question Answer Wrong Answers
Django Unchained Django
95.2%
Broomhilda Von Shaft
3.3%
Ted Ted
94.7%
John Bennett
3.8%
Wreck-It-Ralph Wreck-It-Ralph
92.9%
Fix-It-Felix
5.6%
Beetlejuice Beetlejuice
92.8%
Lydia
5.7%
The Truman Show Truman Burbank
92.7%
Christof
5.8%
Forrest Gump Forrest Gump
91.3%
Lieutenant Dan Taylor
7.1%
Black Panther T'Challa (Black Panther)
86.7%
W'Kabi
11.9%
What About Bob? Bob Wiley
86.1%
Dr. Leo Marvin
12.2%
Monty Python's Life of Brian Brian Cohen
81.9%
Jewish Official
16.4%
Wayne's World Wayne Campbell
81.3%
Garth Algar
17.1%
The Talented Mr. Ripley Tom Ripley
80.9%
Dickie Greenleaf
17.6%
Life of Pi Pi Patel
80.3%
Richard Parker
18.3%
Rain Man Raymond Babbitt
77%
Charlie Babbitt
21.5%
Star Trek II: The Wrath of Khan Khan Noonien Singh
76.5%
James T. Kirk
21.8%
My Neighbor Totoro Totoro
76.5%
Mei
21.9%
Schindler's List Oskar Schindler
76.3%
Amon Goeth
22.1%
Citizen Kane Charles Foster Kane
76.2%
Jedediah Leland
22.1%
Kick-Ass Kick-Ass
72.7%
Hit Girl
25.8%
Octopussy Octopussy
72%
Kamal Khan
26.4%
Frankenstein Dr. Frankenstein
45.8%
The Monster
53%

You're not logged in!

Compare scores with friends on all Sporcle quizzes.
OR
Log In

Sporcle TV

Today on Sporcle TV


Watch our educational content, quiz creation guides, and fun videos on Sporcle TV.

Show Comments

Extras

Top Quizzes Today


Score Distribution

Your Account Isn't Verified!

In order to create a playlist on Sporcle, you need to verify the email address you used during registration. Go to your Sporcle Settings to finish the process.

Report this User

Report this user for behavior that violates our Community Guidelines.

Details: